000 01444cam a2200325 a 4500
005 20160107092312.0
008 951113t1996 iluab grb 001 0 eng
020 _a0226705994 (cloth : alk. paper)
020 _a0226706001 (pbk. : alk. paper)
040 _aDLC
_cDLC
_dCO-BoIAVH
041 _aeng
043 _anwpr---
082 0 0 _a574.52642
_bT37t
245 0 4 _aThe food web of a tropical rain forest /
_cedited by Douglas P. Reagan and Robert B. Waide.
260 _aChicago :
_bUniversity of Chicago Press,
_c1996.
300 _axi, 616 paginas. :
_bilustraciones, mapas ;
_c24 x 15 cm.
504 _aIncludes bibliographical references (p. 523-600) and index.
650 0 _aFood chains (Ecology)
_zPuerto Rico
_zLuquillo Experimental Forest.
_947963
650 0 _aRain forest ecology
_zPuerto Rico
_zLuquillo Experimental Forest.
_947964
650 6 _aCadena alimentaria
_947965
650 6 _aBosque húmedo
_947966
650 6 _aBosque tropical húmedo
_947967
700 1 _aReagan, Douglas P.
_99404
700 1 _aWaide, Robert Bruce.
_947968
856 4 2 _3Publisher description
_uhttp://www.loc.gov/catdir/description/uchi052/95050299.html
856 4 1 _3Table of contents
_uhttp://www.loc.gov/catdir/toc/uchi051/95050299.html
906 _a7
_bcbc
_corignew
_d1
_eocip
_f19
_gy-gencatlg
942 _2ddc
_cLIBRO
999 _c837
_d837